000 00341nam a2200145Ia 4500
100 _aSiegel/ H..J.
942 _cBK
654 _aComputer
245 _aInterconnections networks for large scale parallel processing
260 _bMc Graw Hill
_aNew York
_c1992
082 _a4.35
_bSIE
300 _a390
546 _aENGLISH
999 _c31518
_d31518